000 00590nam a2200205Ia 4500
003 OSt
005 20250218150126.0
008 210716s2001 xx 000 0 und d
020 _a9781578516148
040 _cAIMIT LIBRARY
041 _aeng
082 _a658.406
_21
_bHARV
245 _aHarvard business review:
_bon innovation /
250 _a1st ed.
260 _aUSA ;
_c2001.
300 _avii,222p. ;
_bPB
_c21 cm.
650 _aMeeting the challenge of disruptive change
_9200842
650 _aBuilding an innovation factory
_9200843
942 _2ddc
_cBK
_e1st ed.
_k658.406 HARV
999 _c206543
_d206543